000 00533cam a22002171 4500
001 sa 66005347
003 DLC
005 20260227112248.0
008 890917s1964 io 000 0 ind
010 _asa 66005347
035 _a(OCoLC)23545839
040 _aDLC
_cMiU
_dDLC
042 _apremarc
050 0 0 _aHA29
_b.P33
100 1 _aPasaribu, Amudi.
245 1 0 _aPengantar statistik.
260 _a[Medan]
_c1964.
300 _a2 v.
_billus.
_c28 cm.
504 _aBibliography: v. 2. p. 187-188.
650 0 _aStatistics
999 _c69904
_d69904